[Event "Polfinal Mistrzostw Polski Niewidomych i Slabowidzacych w szachach"]
[Site "Wagrowiec"]
[Date "1899-12-30"]
[Round "7.13"]
[White "Sargalski, Andrzej"]
[Black "Pawlik, Tomasz"]
[Result "1/2-1/2"]
[WhiteTitle "I++"]
[BlackTitle "II+"]
[WhiteElo "1840"]
[BlackElo "1648"]

1. e4 e5 2. Nf3 Nf6 3. Bc4 d5 4. exd5 Nxd5 5. Nxe5 Be6 6. d4 Bd6 7. Bb3 O-O 8.
c3 c5 9. O-O Qc7 10. f4 cxd4 11. cxd4 f6 12. Qf3 Nxf4 13. Bxf4 Bxb3 14. Qxb3+
Kh8 15. Nd3 Nc6 16. Bxd6 Qxd6 17. Nc3 Nxd4 18. Qxb7 Nc2 19. Rad1 Ne3 20. Qf3 Nxd1
21. Rxd1 Rfe8 22. Nf4 Qb6+ 23. Qf2 Rab8 24. Qxb6 Rxb6 25. Rd2 Kg8 26. Kf2 Rb7
27. Nfd5 Kf7 28. Ne3 Rbb8 29. b3 Ke6 30. Nc4 Rbd8 31. Rxd8 Rxd8 32. Ke3 f5 1/2-1/2

[Event "Polfinal Mistrzostw Polski Niewidomych i Slabowidzacych w szachach"]
[Site "Wagrowiec"]
[Date "1899-12-30"]
[Round "7.14"]
[White "Kizym, Lukasz"]
[Black "Barnowski, Sylwester"]
[Result "0-1"]
[WhiteTitle "II"]
[BlackTitle "I"]
[WhiteElo "1665"]
[BlackElo "1790"]

1. e4 e5 2. Nf3 Nf6 3. Bc4 Bd6 4. c3 O-O 5. O-O Nc6 6. Re1 Bc5 7. d4 exd4 8. cxd4
Bb4 9. Bd2 Bxd2 10. Nbxd2 d5 11. exd5 Nxd5 12. Qb3 Na5 13. Qc2 Nxc4 14. Nxc4 c6
15. Ne3 Be6 16. b3 Qf6 17. Nxd5 Bxd5 18. Re3 Rfe8 19. Qd3 Rxe3 20. Qxe3 Bxf3 21.
gxf3 g6 22. f4 Qe6 23. Qe5 Re8 24. Re1 Qg4+ 0-1

[Event "Polfinal Mistrzostw Polski Niewidomych i Slabowidzacych w szachach"]
[Site "Wagrowiec"]
[Date "1899-12-30"]
[Round "7.15"]
[White "Gryglewicz, Tadeusz"]
[Black "Mettel, Werner"]
[Result "0-1"]
[WhiteTitle "II+"]
[BlackTitle "I"]
[WhiteElo "1623"]
[BlackElo "1742"]

1. Nf3 Nc6 2. d4 d5 3. g3 Nf6 4. Bg2 Bf5 5. c3 e6 6. Nbd2 Be7 7. O-O O-O 8. Re1
h6 9. Nb3 b6 10. Nbd2 Rc8 11. a3 Bh7 12. Qa4 Qe8 13. b4 a5 14. Qb3 Bd6 15. b5
Nb8 16. a4 Nbd7 17. c4 dxc4 18. Nxc4 Bb4 19. Bd2 Bxd2 20. Nfxd2 Nd5 21. e4 Nb4
22. d5 Nc5 0-1

[Event "Polfinal Mistrzostw Polski Niewidomych i Slabowidzacych w szachach"]
[Site "Wagrowiec"]
[Date "1899-12-30"]
[Round "7.16"]
[White "Zarow, Zdzislaw"]
[Black "Grzywacz, Ryszard"]
[Result "1-0"]
[WhiteTitle "I"]
[BlackTitle "I"]
[WhiteElo "1639"]
[BlackElo "1705"]

1. e4 e5 2. Bc4 Nf6 3. d4 exd4 4. e5 Bb4+ 5. c3 dxc3 6. bxc3 O-O 7. cxb4 Re8 8.
Be3 Rxe5 9. Nf3 Re8 10. O-O d5 11. Bb3 Bg4 12. Nbd2 c6 13. h3 Bh5 14. Qc2 Bg6
15. Qb2 Nbd7 16. Bg5 Qc7 17. Rfe1 h6 18. Bh4 Ne4 19. Nxe4 Bxe4 20. Bg3 Qd8 21.
Nd2 Bg6 22. Nf3 f6 23. Rxe8+ Qxe8 24. Re1 Qf7 25. Qd4 Be4 26. Rxe4 Qg6 27. Re7
Re8 28. Rxd7 Qb1+ 29. Kh2 Re4 30. Nd2 Rxd4 31. Nxb1 Rxb4 32. Nc3 a5 33. Bd6 Rd4
34. Rxb7 Rd3 35. Na4 1-0

[Event "Polfinal Mistrzostw Polski Niewidomych i Slabowidzacych w szachach"]
[Site "Wagrowiec"]
[Date "1899-12-30"]
[Round "7.17"]
[White "Tobolski, Michal"]
[Black "Kaciotys, Mieczyslaw"]
[Result "1/2-1/2"]
[WhiteTitle "II"]
[BlackTitle "II+"]
[WhiteElo "1514"]
[BlackElo "1689"]

1. e4 e5 2. Nf3 Nc6 3. d4 exd4 4. Nxd4 Nxd4 5. Qxd4 Ne7 6. Nc3 Nc6 7. Qd1 Bb4 8.
Bd2 Qe7 9. Bd3 Bxc3 10. Bxc3 O-O 11. O-O Re8 12. Qh5 d6 13. e5 g6 14. Qh6 dxe5
15. Rfe1 Bd7 16. h4 Qf8 17. Qg5 f6 18. Qg3 Ne7 19. Rad1 Nf5 20. Qg4 Qg7 21. Qc4+
Be6 22. Qb4 c6 23. g3 Qe7 24. Bxf5 Bxf5 25. Rd2 Qxb4 26. Bxb4 a5 27. Bc5 Kf7 28.
Kg2 Be6 29. f3 b5 30. a3 a4 31. Red1 Bd5 32. Kf2 Ke6 33. Rd3 h5 34. b3 axb3 35.
cxb3 f5 36. Re1 Kf7 37. Rde3 e4 38. f4 Red8 39. Rd1 Be6 40. Ke1 Rd5 41. b4 Rad8
42. Rxd5 cxd5 43. Bd4 Rc8 44. Bc5 Rd8 45. Bd4 Rc8 1/2-1/2

[Event "Polfinal Mistrzostw Polski Niewidomych i Slabowidzacych w szachach"]
[Site "Wagrowiec"]
[Date "1899-12-30"]
[Round "7.18"]
[White "Bialas, Stanislaw"]
[Black "Malcer, Joanna"]
[Result "0-1"]
[WhiteTitle "II"]
[BlackTitle "I"]
[WhiteElo "1409"]
[BlackElo "1503"]

1. d4 d5 2. Nf3 e6 3. Nc3 Nf6 4. g3 Nbd7 5. Bg2 Bd6 6. O-O O-O 7. Re1 c6 8. Bg5
Qb6 9. b3 h6 10. Bxf6 Nxf6 11. e4 dxe4 12. Nxe4 Nxe4 13. Rxe4 Bd7 14. c4 Qd8 15.
Ne5 Rc8 16. Nxd7 Qxd7 17. Qh5 Be7 18. Rg4 Kh8 19. Re1 Bf6 20. Ree4 Rcd8 21. Ref4
Qe7 22. Re4 Qa3 23. Ref4 Qe7 24. Qa5 b6 25. Qa4 e5 26. dxe5 Rd1+ 27. Bf1 Qxe5
28. Re4 Qa1 29. Qa3 Rxf1+ 30. Kg2 c5 31. b4 Bd4 32. Rxd4 cxd4 33. Rxd4 Rxf2+ 34.
Kxf2 Qxd4+ 0-1

[Event "Polfinal Mistrzostw Polski Niewidomych i Slabowidzacych w szachach"]
[Site "Wagrowiec"]
[Date "1899-12-30"]
[Round "7.19"]
[White "Dziobek, Jerzy"]
[Black "Salamon, Jan"]
[Result "1-0"]
[WhiteTitle "I"]
[BlackTitle "I"]
[WhiteElo "1731"]
[BlackElo "1731"]

1. d4 d5 2. Nd2 Nf6 3. Ngf3 e6 4. c3 Nbd7 5. Qc2 a6 6. e4 dxe4 7. Nxe4 Nxe4 8.
Qxe4 Nf6 9. Qc2 c5 10. Bg5 cxd4 11. cxd4 Be7 12. Be2 Nd5 13. Bxe7 Qxe7 14. Ne5
Qg5 15. Nf3 Qf6 16. O-O Nf4 17. g3 Nd5 18. Qa4+ Bd7 19. Qc2 Bc6 1-0

[Event "Polfinal Mistrzostw Polski Niewidomych i Slabowidzacych w szachach"]
[Site "Wagrowiec"]
[Date "1899-12-30"]
[Round "7.20"]
[White "Bzowski, Grzegorz"]
[Black "Spionkowski, Fabian"]
[Result "1-0"]
[WhiteTitle "II+"]
[BlackTitle "II"]
[WhiteElo "1614"]
[BlackElo "1233"]

1. d4 g6 2. Bg5 Bg7 3. Nf3 Nf6 4. Nc3 O-O 5. Qd2 d5 6. O-O-O a6 7. e3 b5 8. a3
Nc6 9. h4 Rb8 10. Bd3 b4 11. axb4 Nxb4 12. Kb1 c6 13. Ne5 Qa5 14. f3 Nd7 15. Nxd7
Bxd7 16. h5 Nxd3 17. Qxd3 Qa3 18. b3 Bf5 19. e4 dxe4 20. fxe4 Bg4 21. hxg6 fxg6
22. Qc4+ Kh8 23. Rdf1 Rfd8 24. Be3 a5 25. Rh4 Bd7 26. Rxh7+ Kxh7 27. Rh1+ Bh6
28. Bxh6 Bg4 29. Bc1+ 1-0

[Event "Polfinal Mistrzostw Polski Niewidomych i Slabowidzacych w szachach"]
[Site "Wagrowiec"]
[Date "1899-12-30"]
[Round "7.26"]
[White "Jagiello, Adolf"]
[Black "Czarnecki, Zbigniew"]
[Result "0-1"]
[WhiteTitle "II"]
[BlackTitle "II"]
[WhiteElo "1233"]
[BlackElo "1296"]

1. e4 e5 2. Nf3 Nc6 3. Bc4 Bc5 4. a3 a5 5. c3 d6 6. a4 Nf6 7. d3 h6 8. h3 O-O 9.
Nbd2 Ne7 10. Nb3 Ba7 11. Nbd2 Ng6 12. Nf1 c6 13. Ba2 d5 14. Qe2 Qc7 15. Ng3 Re8
16. Bd2 Nf4 17. Bxf4 exf4 18. Nf1 dxe4 19. dxe4 Rxe4 20. Ne3 fxe3 21. O-O-O exf2
22. Qf1 Rxa4 23. Kb1 Bf5+ 24. Ka1 Qb6 25. Nd4 Qxd4 26. cxd4 Bxd4 27. g4 Be6 28.
Rxd4 Rxd4 29. Qxf2 Ra4 30. b3 Bxb3 31. Rb1 Rxa2+ 32. Qxa2 Bxa2 33. Kxa2 b5 34.
Rc1 Rc8 35. Rc5 g5 36. Re5 Kf8 37. Kb2 a4 38. Ka3 c5 39. Rf5 Nd7 40. h4 c4 41.
Rxb5 c3 42. Rb1 Nc5 43. Kb4 Nd3+ 44. Kxa4 c2 45. Rg1 c1=Q 46. Rxc1 Rxc1 47. h5
Ke7 48. Kb3 Kd6 49. Ka3 Kc5 50. Kb3 f6 51. Ka3 Kc4 52. Ka2 Nc5 53. Kb2 Nd3+ 54.
Ka2 Kc3 55. Ka3 Ra1# 0-1

[Event "Polfinal Mistrzostw Polski Niewidomych i Slabowidzacych w szachach"]
[Site "Wagrowiec"]
[Date "1899-12-30"]
[Round "7.28"]
[White "Wegner, Wieslaw"]
[Black "Lazuka, Jan"]
[Result "1-0"]
[WhiteTitle "II"]
[BlackTitle "III"]
[WhiteElo "1610"]
[BlackElo "1264"]

1. d4 d5 2. c4 dxc4 3. Nc3 Nf6 4. e4 h6 5. Bxc4 a6 6. a4 Bg4 7. f3 Bh5 8. Nh3 e6
9. Nf4 g6 10. O-O Nc6 11. d5 Nb4 12. dxe6 Qxd1 13. exf7+ Ke7 14. Rxd1 1-0

[Event "Polfinal Mistrzostw Polski Niewidomych i Slabowidzacych w szachach"]
[Site "Wagrowiec"]
[Date "1899-12-30"]
[Round "8.1"]
[White "Kulpinski, Piotr"]
[Black "Zoltek, Tadeusz"]
[Result "1/2-1/2"]
[WhiteTitle "I++"]
[BlackTitle "FM"]
[WhiteElo "1860"]
[BlackElo "2091"]

1. d4 d5 2. c4 c6 3. Nf3 Nf6 4. cxd5 cxd5 5. Nc3 Nc6 6. Bf4 a6 7. e3 Bf5 8. Bd3
Bxd3 9. Qxd3 e6 10. O-O Bd6 11. Bxd6 Qxd6 12. Rac1 O-O 13. h3 h6 14. a3 Rac8 15.
Rc2 Nd7 16. Rfc1 Ne7 17. Ne2 Rxc2 18. Rxc2 Rc8 19. Rxc8+ Nxc8 20. Qc3 Ne7 21.
Nf4 Qc6 22. Qxc6 Nxc6 23. Kf1 Kf8 24. Ke2 Ke7 25. Nd3 Kd6 26. Nd2 b6 27. f4 f6
28. b3 Nf8 29. b4 Nd7 30. Nf3 Nf8 31. Nd2 Nd7 1/2-1/2

[Event "Polfinal Mistrzostw Polski Niewidomych i Slabowidzacych w szachach"]
[Site "Wagrowiec"]
[Date "1899-12-30"]
[Round "8.2"]
[White "Migala, Andrzej"]
[Black "Niecko, Stanislaw"]
[Result "1-0"]
[WhiteTitle "k"]
[BlackTitle "I+"]
[WhiteElo "2002"]
[BlackElo "1753"]

1. e4 Nc6 2. Nf3 d5 3. exd5 Qxd5 4. Nc3 Qd6 5. d4 Bg4 6. Nb5 Qd7 7. Bf4 Bxf3 8.
Qxf3 Rc8 9. O-O-O a6 10. d5 axb5 11. Bxb5 Qf5 12. g4 Qf6 13. dxc6 b6 14. g5 Qf5
15. Rd5 Qg6 16. Rhd1 e6 17. Bd3 f5 18. Rd7 Ne7 19. h4 h5 20. Ba6 Ra8 21. Bb7 Rxa2
22. Kb1 Ra4 23. Bxc7 Nd5 24. R1xd5 exd5 25. Qe2+ Re4 26. Qa6 Be7 27. Qa8+ Kf7
28. Qxh8 Re1+ 29. Ka2 Qe6 30. g6+ Kf6 31. Rxe7 1-0

[Event "Polfinal Mistrzostw Polski Niewidomych i Slabowidzacych w szachach"]
[Site "Wagrowiec"]
[Date "1899-12-30"]
[Round "8.3"]
[White "Pociejowski, Marek"]
[Black "Debowska, Teresa"]
[Result "1-0"]
[WhiteTitle "I++"]
[BlackTitle "WFM"]
[WhiteElo "1865"]
[BlackElo "1730"]

1. d4 Nf6 2. c4 g6 3. Nc3 Bg7 4. e4 d6 5. f4 O-O 6. Nf3 Na6 7. Be2 e5 8. Be3 Ng4
9. Bg1 exf4 10. Qd2 Bh6 11. a3 Ne3 12. Bxe3 fxe3 13. Qd3 c6 14. h4 f5 15. h5 Bf4
16. hxg6 hxg6 17. O-O-O Kg7 18. g3 fxe4 19. Nxe4 Bh6 20. Rdg1 Qe7 21. g4 Bf4 22.
Rh3 Bd7 23. Nh4 Nc7 24. Rgh1 d5 25. Nc5 Qg5 26. Nxd7 dxc4 27. Qxc4 Rh8 28. Nf3
Rxh3 29. Rxh3 Qxg4 30. Rh7+ Kxh7 31. Nf6+ Kg7 32. Nxg4 Nd5 33. Qd3 Re8 34. Nge5
Re6 35. Kb1 Bg3 36. Ng5 Rf6 37. Ne4 Bxe5 38. dxe5 Rf5 39. e6 Kf8 40. Bg4 Re5 41.
Nc3 Nf4 42. Qd8+ Kg7 43. Qe7+ Kh6 44. Ne2 Nd5 45. Qh4+ Kg7 46. Qg3 Rg5 47. Qf3
Nf6 48. Bh3 Re5 49. Qf4 Re4 50. Qc7+ Kh6 51. Qf7 Nd5 52. Bg2 Rf4 53. Nxf4 1-0

[Event "Polfinal Mistrzostw Polski Niewidomych i Slabowidzacych w szachach"]
[Site "Wagrowiec"]
[Date "1899-12-30"]
[Round "8.4"]
[White "Pawelec, Bartosz"]
[Black "Urbaniak, Karol"]
[Result "1/2-1/2"]
[WhiteTitle "k"]
[BlackTitle "I"]
[WhiteElo "2010"]
[BlackElo "1592"]

1. e4 e5 2. Nf3 Nf6 3. Nxe5 d6 4. Nd3 Nxe4 5. Qe2 Qe7 6. Nf4 Nf6 7. Nc3 Be6 8.
d4 a6 9. g3 c6 10. Nxe6 Qxe6 11. Qxe6+ fxe6 12. Bh3 Kf7 13. O-O Nbd7 14. Re1 Re8
15. f4 g6 16. Be3 h5 17. Bf2 Bh6 18. Re2 Re7 19. Rae1 Rhe8 20. Nd1 g5 21. fxg5
Bxg5 22. Be3 Bxe3+ 23. Nxe3 Nb6 24. Rf1 Kg6 25. Ng2 e5 26. Nh4+ Kf7 27. Ref2 Re6
28. Bxe6+ Rxe6 29. dxe5 dxe5 30. Nf3 Kg7 31. Nxe5 Rxe5 32. Rxf6 Re7 33. R6f5 Kg6
34. h4 Nd5 35. Rg5+ Kh6 36. c4 Nb6 37. b3 Nd7 38. Rgf5 Re2 39. R1f2 Re3 40. R5f3
Re4 41. Rf7 Rd4 42. Re2 Kg6 43. Ree7 Ne5 44. Rg7+ Kf6 45. Rxb7 Rd2 46. Rh7 Nf3+
47. Kf1 Nh2+ 48. Ke1 Nf3+ 1/2-1/2

[Event "Polfinal Mistrzostw Polski Niewidomych i Slabowidzacych w szachach"]
[Site "Wagrowiec"]
[Date "1899-12-30"]
[Round "8.5"]
[White "Miodonski, Miroslaw"]
[Black "Wolanski, Michal"]
[Result "0-1"]
[WhiteTitle "II"]
[BlackTitle "I++"]
[WhiteElo "1384"]
[BlackElo "1903"]

1. e4 c5 2. c4 Nc6 3. Nc3 g6 4. Nf3 Bg7 5. Be2 Nf6 6. O-O O-O 7. h3 d6 8. d3 a6
9. a3 Rb8 10. Qc2 Ne8 11. Bg5 Nc7 12. Rab1 Ne6 13. Qd2 Nxg5 14. Qxg5 b5 15. Nd5
bxc4 16. d4 e6 17. Qxd8 Rxd8 18. Ne3 Nxd4 19. Nxd4 Bxd4 20. Bxc4 Bb7 21. Bd3 d5
22. exd5 exd5 23. b3 Bc6 24. Rfd1 Bg7 25. Bxa6 Ra8 26. Bf1 Rxa3 27. Nc4 Raa8 28.
Nb6 Rab8 29. Na4 Bd4 30. Rbc1 Bxa4 31. bxa4 Rb2 32. Rxd4 cxd4 33. Rd1 Rb4 34.
a5 Kg7 35. g3 Kf6 36. Kg2 Ke5 37. a6 Ra4 38. Re1+ Kd6 39. Rb1 Rc8 40. Rb7 Rc7
41. Rb6+ Rc6 42. Rb8 Raxa6 43. Rd8+ Ke7 44. Rxd5 Rd6 45. Re5+ Kf6 46. Bxa6 Kxe5
47. Bd3 Kd5 0-1

[Event "Polfinal Mistrzostw Polski Niewidomych i Slabowidzacych w szachach"]
[Site "Wagrowiec"]
[Date "1899-12-30"]
[Round "8.6"]
[White "Rutkowski, Jerzy"]
[Black "Kopiec, Miroslaw"]
[Result "1/2-1/2"]
[WhiteTitle "I+"]
[BlackTitle "II+"]
[WhiteElo "2031"]
[BlackElo "1722"]

1. e4 e5 2. Nf3 d5 3. d4 dxe4 4. Nxe5 Bd6 5. Nc4 Nf6 6. Bg5 Be7 7. Ne3 Nd5 8. Bxe7
Nxe7 9. Nc3 f5 10. Bc4 Nbc6 11. d5 Ne5 12. Bb3 Qd6 13. Qd2 a6 14. a4 Rb8 15. Nc4
Nxc4 16. Bxc4 O-O 17. O-O-O Bd7 18. g3 Kh8 19. Qe2 Ng6 20. f3 exf3 21. Qxf3 b5
22. Bb3 bxa4 23. Bxa4 Bxa4 24. Nxa4 Qb4 25. Qa3 Qxa3 26. bxa3 Rb5 27. Rhe1 f4
28. gxf4 Nxf4 29. c4 Rb3 30. Kc2 Rxa3 31. Nc3 1/2-1/2

[Event "Polfinal Mistrzostw Polski Niewidomych i Slabowidzacych w szachach"]
[Site "Wagrowiec"]
[Date "1899-12-30"]
[Round "8.7"]
[White "Huzarski, Stanislaw"]
[Black "Stolarczyk, Anna"]
[Result "1/2-1/2"]
[WhiteTitle "I"]
[BlackTitle "WCM"]
[WhiteElo "1753"]
[BlackElo "1934"]

1. e4 c5 2. Nf3 d6 3. d4 cxd4 4. Nxd4 Nf6 5. Nc3 a6 6. Be2 e5 7. Nf3 Be7 8. O-O
O-O 9. Kh1 h6 10. Ne1 Be6 11. f4 exf4 12. Bxf4 Nc6 13. Nf3 b5 14. Bd3 b4 15. Ne2
Ng4 16. Qe1 Nge5 17. Ned4 Nxf3 18. Nxc6 Nxe1 19. Nxd8 Rfxd8 20. Rfxe1 Bf6 21.
e5 dxe5 22. Bxe5 Bxe5 23. Rxe5 a5 24. Kg1 a4 25. Rb5 Rdb8 26. Rc5 a3 27. b3 Ra7
28. Re1 Rd7 29. Ree5 Kf8 30. Rb5 Rdb7 31. Rbc5 Ke7 32. Rb5 Kd6 33. Rxb7 Rxb7 34.
Ra5 Bd7 35. Kf2 1/2-1/2

[Event "Polfinal Mistrzostw Polski Niewidomych i Slabowidzacych w szachach"]
[Site "Wagrowiec"]
[Date "1899-12-30"]
[Round "8.8"]
[White "Kowalczyk, Marian"]
[Black "Mettel, Werner"]
[Result "1-0"]
[WhiteTitle "I++"]
[BlackTitle "I"]
[WhiteElo "1920"]
[BlackElo "1742"]

1. e4 e5 2. Nf3 Nc6 3. c3 d6 4. d4 Be7 5. h3 Nf6 6. d5 Nb8 7. Bd3 O-O 8. c4 Nbd7
9. Nc3 Nc5 10. Bc2 a6 11. Be3 b6 12. b4 Nb7 13. O-O Bd7 14. Qe2 c5 15. bxc5 Nxc5
16. a4 Qc7 17. Rfb1 Rfb8 18. Nd2 Bd8 19. f4 exf4 20. Bxf4 Rb7 21. e5 dxe5 22.
Bxe5 Qc8 23. Nde4 Nfxe4 24. Nxe4 Nxe4 25. Qxe4 f5 26. Qd3 Bg5 27. Bd4 Rab8 28.
Rf1 Qd8 29. g4 Bf6 30. gxf5 Bxd4+ 31. Qxd4 Qf6 32. Qxf6 gxf6 33. Rae1 Re8 34.
Kf2 Kf8 35. Rxe8+ Bxe8 36. Rb1 Ke7 37. c5 b5 38. Ke3 Rb8 39. Bd3 Rd8 40. d6+ Kf7
1-0

[Event "Polfinal Mistrzostw Polski Niewidomych i Slabowidzacych w szachach"]
[Site "Wagrowiec"]
[Date "1899-12-30"]
[Round "8.9"]
[White "Staruch, Roman"]
[Black "Zelajtys, Jozef"]
[Result "0-1"]
[WhiteTitle "I++"]
[BlackTitle "I"]
[WhiteElo "1875"]
[BlackElo "1682"]

1. e4 e6 2. d4 d5 3. e5 c5 4. c3 Nc6 5. Nf3 Bd7 6. Bd3 Nge7 7. O-O Qc7 8. Re1 Ng6
9. Qe2 a5 10. Bg5 h6 11. Bd2 Nge7 0-1

[Event "Polfinal Mistrzostw Polski Niewidomych i Slabowidzacych w szachach"]
[Site "Wagrowiec"]
[Date "1899-12-30"]
[Round "8.11"]
[White "Wodas, Pawel"]
[Black "Zarow, Zdzislaw"]
[Result "0-1"]
[WhiteTitle "I"]
[BlackTitle "I"]
[WhiteElo "1799"]
[BlackElo "1639"]

1. Nf3 Nf6 2. c4 c5 3. g3 Nc6 4. Bg2 e5 5. Nc3 Be7 6. O-O d6 7. b3 O-O 8. e3 Bg4
9. d3 Qd7 10. Re1 Bd8 11. a3 Re8 12. Qc2 h6 13. Bd2 Bh3 14. Bh1 Rc8 15. Rab1 Bg4
16. Rec1 a6 17. Be1 Qf5 18. Nd2 Qd7 19. b4 cxb4 20. axb4 Ne7 21. Qb3 Be6 22. Qb2
b5 23. cxb5 axb5 24. Ra1 Bb6 25. Ra6 Rb8 26. Nb3 Nfd5 27. Na5 Nc7 28. Rxb6 Rxb6
29. Ne4 f5 30. Nd2 Ned5 31. Ndb3 Nxb4 32. Bxb4 Nd5 33. Bd2 Nf6 34. Bc6 Rxc6 35.
Rxc6 Bd5 36. Rc1 Qf7 37. Qc2 Qh5 38. Qd1 Bf3 39. Qf1 Be2 40. Qg2 Bf3 41. g4 Bxg4
42. Be1 Bf3 43. Qg3 Re6 44. Nd2 Be2 45. f3 Nd5 46. Kh1 Rg6 47. Qf2 Bxd3 48. Nab3
Qg5 49. Rc8+ Kh7 50. Nc1 Bc4 51. Nxc4 bxc4 52. Rxc4 Nxe3 53. Bd2 f4 54. Rc3 Nd1
55. Qf1 Nxc3 56. Bxc3 Qh5 57. Ne2 d5 58. Bd2 Qf5 59. Nc3 Qc2 60. Be1 d4 61. Ne4
d3 62. Qf2 Rc6 63. Kg2 Qb1 64. Nd2 Qd1 65. Qf1 Qe2+ 66. Qf2 Ra6 0-1

[Event "Polfinal Mistrzostw Polski Niewidomych i Slabowidzacych w szachach"]
[Site "Wagrowiec"]
[Date "1899-12-30"]
[Round "8.12"]
[White "Barnowski, Sylwester"]
[Black "Gawel, Janusz"]
[Result "1-0"]
[WhiteTitle "I"]
[BlackTitle "II"]
[WhiteElo "1790"]
[BlackElo "1576"]

1. e4 e5 2. d4 exd4 3. Qxd4 Nc6 4. Qe3 d6 5. Bd2 Nf6 6. Nc3 Be6 7. Bb5 a6 8. Bd3
Ne5 9. f3 g6 10. O-O-O Bg7 11. g4 Nxd3+ 12. Qxd3 Qd7 13. Bg5 O-O-O 14. Qe3 h6
15. Bh4 Kb8 16. e5 Nh7 17. Bxd8 Rxd8 18. exd6 cxd6 19. Nge2 Qc6 20. Nd4 Qb6 21.
Nf5 Qxe3+ 22. Nxe3 Nf6 23. Ncd5 Nxd5 24. Nxd5 g5 25. b3 Be5 26. h3 Rc8 27. Rd3
f5 28. Ne7 Rc7 29. Nxf5 Bxf5 30. gxf5 Rf7 31. h4 Rxf5 32. hxg5 hxg5 33. c4 Kc7
34. Kd2 Kc6 35. Ke2 Bf4 36. Rhd1 Rf7 37. Rh1 b6 38. Rh8 a5 39. Rc8+ Kb7 40. Rh8
Re7+ 41. Kf1 Rc7 42. Rd5 Rf7 43. Re8 Be5 44. Ke2 Bf4 45. Kd3 Rh7 46. Rf5 Rd7 47.
Ke4 Rg7 48. Kd4 Kc6 49. Ref8 Be5+ 50. Kd3 Kd7 51. Ra8 Kc6 52. Raf8 Bf4 53. R8f7
Rxf7 54. Rxf7 Be5 55. Rf8 Kc7 56. Ke4 Kd7 1-0

[Event "Polfinal Mistrzostw Polski Niewidomych i Slabowidzacych w szachach"]
[Site "Wagrowiec"]
[Date "1899-12-30"]
[Round "8.13"]
[White "Inglot, Marian"]
[Black "Sargalski, Andrzej"]
[Result "0-1"]
[WhiteTitle "II"]
[BlackTitle "I++"]
[WhiteElo "1394"]
[BlackElo "1840"]

1. e4 d5 2. exd5 Nf6 3. Nc3 Nxd5 4. Qf3 Nxc3 5. Qxc3 Nc6 6. Bb5 Bd7 7. Ne2 a6 8.
Bc4 e5 9. Qb3 f6 10. Nc3 Bd6 11. Bf7+ Kf8 12. d3 Nd4 13. Qc4 Nxc2+ 14. Kd2 Nxa1
15. Bh5 Be8 16. Bf3 c6 17. Ke2 Nc2 18. Be3 Nxe3 19. Kxe3 Qb6+ 20. Kd2 Qxb2+ 21.
Ke3 Bf7 0-1

[Event "Polfinal Mistrzostw Polski Niewidomych i Slabowidzacych w szachach"]
[Site "Wagrowiec"]
[Date "1899-12-30"]
[Round "8.14"]
[White "Pawlik, Tomasz"]
[Black "Dziobek, Jerzy"]
[Result "1/2-1/2"]
[WhiteTitle "II+"]
[BlackTitle "I"]
[WhiteElo "1648"]
[BlackElo "1731"]

1. e4 e6 2. d4 d5 3. Nc3 c6 4. Nf3 Nd7 5. Bd3 dxe4 6. Nxe4 Ngf6 7. Bg5 Be7 8. O-O
Nxe4 9. Bxe7 Qxe7 10. Bxe4 Nf6 11. Qe2 O-O 12. c3 h6 13. Rfe1 c5 14. dxc5 Qxc5
15. Rad1 Qc7 16. Qc2 Bd7 17. Ne5 Rad8 18. Bf3 Bc8 19. Rxd8 Rxd8 20. g3 b6 21.
Nd3 Bb7 22. Bxb7 Qxb7 23. Nf4 Qd7 24. Ng2 Qd2 25. Qxd2 Rxd2 26. Rb1 Ng4 27. f3
Nf2 28. a4 Nh3+ 29. Kh1 Nf2+ 30. Kg1 Nh3+ 31. Kh1 Nf2+ 32. Kg1 Nh3+ 1/2-1/2

[Event "Polfinal Mistrzostw Polski Niewidomych i Slabowidzacych w szachach"]
[Site "Wagrowiec"]
[Date "1899-12-30"]
[Round "8.15"]
[White "Wyrzykowski, Jozef"]
[Black "Jagiela, Andrzej"]
[Result "0-1"]
[WhiteTitle "I"]
[BlackTitle "I"]
[WhiteElo "1600"]
[BlackElo "1716"]

1. c4 e5 2. Nc3 Nf6 3. d3 h6 4. Nf3 Nc6 5. Bd2 Be7 6. g3 d6 7. Bg2 Bd7 8. Nd5 Rb8
9. Nxe7 Nxe7 10. Bc3 O-O 11. O-O c5 12. Nd2 Bc6 13. e4 Nd7 14. f4 exf4 15. Rxf4
Ng6 16. Rf2 Nde5 17. Nf3 Nxf3+ 18. Rxf3 Ne5 19. Rf2 Bd7 20. Qe2 Bg4 21. Qf1 Be6
22. b3 Ng4 23. Rf3 Ne5 24. Rf2 Ng4 25. Re2 Ne5 26. d4 cxd4 27. Bxd4 Nc6 28. Rd2
Qa5 29. Qe2 Ne5 30. Rad1 Bg4 31. Qf2 Bxd1 32. Rxd1 b6 33. Bh3 Rbd8 34. Be3 Qc3
35. Bf5 Ng6 36. Bd4 Qa5 37. h4 Ne7 38. g4 Nxf5 39. gxf5 f6 40. Qg2 Rf7 41. Kh2
Kf8 42. Qg6 Qxa2+ 43. Qg2 Qxg2+ 44. Kxg2 Re7 45. Kf3 Kf7 46. h5 Rb8 47. Rd3 Rbb7
48. Kf4 b5 49. c5 dxc5 50. Bxc5 Red7 51. Rd5 a5 52. Ke3 a4 53. bxa4 bxa4 54. Kd4
Rxd5+ 55. exd5 Ke8 56. d6 Kd7 57. Kd5 Rb1 58. Kc4 Rf1 59. Kb4 Rxf5 60. Ba7 Rxh5
61. Kxa4 Rh2 62. Bg1 Rc2 63. Kb3 Rc6 64. Bh2 g5 65. Kb2 h5 66. Kb1 f5 67. Be5
f4 68. Bf6 g4 69. Bh4 g3 70. Kb2 g2 71. Bf2 h4 72. Bg1 h3 73. Kb1 f3 0-1

[Event "Polfinal Mistrzostw Polski Niewidomych i Slabowidzacych w szachach"]
[Site "Wagrowiec"]
[Date "1899-12-30"]
[Round "8.16"]
[White "Szydlowski, Wiktor"]
[Black "Tobolski, Michal"]
[Result "1/2-1/2"]
[WhiteTitle "I"]
[BlackTitle "II"]
[WhiteElo "1693"]
[BlackElo "1514"]

1. e4 c6 2. d4 d5 3. e5 Bf5 4. Bd3 Bxd3 5. Qxd3 e6 6. Ne2 Nd7 7. Ng3 c5 8. c3 cxd4
9. cxd4 Bb4+ 10. Nc3 Rc8 11. O-O Ne7 12. f4 a6 13. f5 exf5 14. Nxf5 O-O 15. Bg5
f6 16. exf6 Nxf6 17. Nxe7+ Bxe7 18. Rae1 h6 19. Bh4 Qd7 20. Qg6 Rf7 21. Rf3 Rcf8
22. Bg3 Bb4 23. Be5 Ne4 24. Rh3 Qf5 25. Qxf5 Rxf5 1/2-1/2

[Event "Polfinal Mistrzostw Polski Niewidomych i Slabowidzacych w szachach"]
[Site "Wagrowiec"]
[Date "1899-12-30"]
[Round "8.17"]
[White "Kaciotys, Mieczyslaw"]
[Black "Bzowski, Grzegorz"]
[Result "1-0"]
[WhiteTitle "II+"]
[BlackTitle "II+"]
[WhiteElo "1689"]
[BlackElo "1614"]

1. e4 e6 2. Nc3 d5 3. exd5 exd5 4. Qe2+ Be7 5. d4 Nf6 6. Nf3 O-O 7. Be3 Bb4 8.
a3 Ba5 9. b4 Bb6 10. Qd2 Re8 11. Bb5 c6 12. Bd3 Ng4 13. Nd1 Nxe3 14. Nxe3 Nd7
15. O-O Nf6 16. c3 Ne4 17. Qc2 Qd6 18. Bxe4 dxe4 19. Nd2 Bc7 20. g3 f5 21. f4
h5 22. Ng2 Bd8 23. Nc4 Qh6 24. h4 Be6 25. Ne5 Bc7 26. Ne3 Rad8 27. Rfd1 Bxe5 28.
dxe5 Qg6 29. Kh2 Qf7 30. c4 b5 31. Rxd8 Rxd8 32. cxb5 cxb5 33. Rd1 Rc8 34. Qb2
Bb3 35. Rc1 Rd8 36. Nxf5 Qxf5 37. Qxb3+ Kh7 38. Rd1 Rd3 39. Rxd3 exd3 40. Qd5
a6 41. Kg2 d2 42. Qxd2 Qe4+ 43. Kf2 Kg6 44. Qe3 Qc2+ 45. Kf3 Qd1+ 46. Ke4 Qh1+
47. Kd4 Kf5 48. Qd3+ Kg4 49. Qg6+ Kh3 50. Qf5+ Kh2 51. Qd3 Qg1+ 52. Kc3 Qa1+ 53.
Kb3 Qc1 54. Qc2+ 1-0

[Event "Polfinal Mistrzostw Polski Niewidomych i Slabowidzacych w szachach"]
[Site "Wagrowiec"]
[Date "1899-12-30"]
[Round "8.18"]
[White "Grzywacz, Ryszard"]
[Black "Tyszkiewicz, Adam"]
[Result "0-1"]
[WhiteTitle "I"]
[BlackTitle "II"]
[WhiteElo "1705"]
[BlackElo "1396"]

1. e4 Nc6 2. Bc4 Nf6 3. d3 a6 4. Nf3 e6 5. Bg5 Be7 6. O-O O-O 7. h3 h6 8. Be3 b5
9. Bb3 d5 10. e5 Na5 11. exf6 Bxf6 12. c3 Bb7 13. d4 Rc8 14. Bc2 Bg5 15. Qd3 f5
16. Ne5 Nc4 17. f4 Nxb2 18. Qe2 Bf6 19. Nd2 Nc4 20. Ndxc4 dxc4 21. Qh5 Qd5 22.
Nf3 a5 23. Rf2 b4 24. Rb1 25. bxc3 26. g4 Rb8 27. g5 hxg5 28. fxg5 f4 29. g6 Qxh5
30. Bxf4 Bxf3 31. Rbf1 0-1